| 000 | 00505nam a2200193Ia 4500 | ||
|---|---|---|---|
| 003 | GCL | ||
| 005 | 20240530095744.0 | ||
| 008 | 140319s9999 xx 000 0 eng d | ||
| 040 |
_aGCL / _cGCL |
||
| 082 | 0 | 4 |
_b932 _bCC/B D |
| 100 | 1 | _aBLUMENBERG, BETTINA | |
| 245 | 1 | 0 |
_aDESCRIPTION DE L'EGYPTE / _cBLUMENBERG, BETTINA |
| 260 |
_a[S.N] : _bBENEDIKT TASCHEN ، _c1994 |
||
| 300 |
_a1007 P : _bPICTUER ; _c16 CM |
||
| 650 | 0 | 4 | _aEGYPT |
| 650 | 0 | 4 | _aANCIENT EGYPT |
| 650 | 0 | 4 | _aHISTORY |
| 942 |
_2ddc _cBK |
||
| 999 |
_c10307 _d10307 |
||